Political Science : (Record no. 213)
[ view plain ]
| 000 -LEADER | |
|---|---|
| fixed length control field | 00630nac a22002051u 4500 |
| 008 - FIXED-LENGTH DATA ELEMENTS--GENERAL INFORMATION | |
| fixed length control field | 130127s2003 nju||||| |||| 001 0 eng d |
| 010 ## - LIBRARY OF CONGRESS CONTROL NUMBER | |
| LC control number | 2002022057 |
| 020 ## - INTERNATIONAL STANDARD BOOK NUMBER | |
| International Standard Book Number | 0130991341 |
| 020 ## - INTERNATIONAL STANDARD BOOK NUMBER | |
| International Standard Book Number | 0131227769 |
| 020 ## - INTERNATIONAL STANDARD BOOK NUMBER | |
| International Standard Book Number | 9780131227767 |
| 035 ## - SYSTEM CONTROL NUMBER | |
| System control number | (DLC) 2002022057 |
| 082 00 - DEWEY DECIMAL CLASSIFICATION NUMBER | |
| Classification number | 320 |
| Edition number | 22 |
| Item number | POL |
| 245 00 - TITLE STATEMENT | |
| Title | Political Science : |
| Remainder of title | an Introduction / |
| Statement of responsibility, etc | Michael G. Roskin ... [et al.]. |
| 250 ## - EDITION STATEMENT | |
| Edition statement | 8th ed. |
| 260 ## - PUBLICATION, DISTRIBUTION, ETC. (IMPRINT) | |
| Place of publication, distribution, etc | Upper Saddle River, N.J. : |
| Name of publisher, distributor, etc | Prentice Hall,2003 |
| Date of publication, distribution, etc | 2003. |
| 300 ## - PHYSICAL DESCRIPTION | |
| Extent | xxv, 421 p. : |
| Other physical details | ill. ; |
| Dimensions | 24 cm. |
| 650 #0 - SUBJECT ADDED ENTRY--TOPICAL TERM | |
| Topical term or geographic name as entry element | Political science. |
| 9 (RLIN) | 32033 |
| 700 1# - ADDED ENTRY--PERSONAL NAME | |
| Personal name | Roskin, Michael, |
| Dates associated with a name | 1939- |
| 9 (RLIN) | 32034 |
| 942 ## - ADDED ENTRY ELEMENTS (KOHA) | |
| Item type | |
| Call number prefix | 320 POL |
| Source of classification or shelving scheme | Dewey Decimal Classification |
| Withdrawn status | Item status | Source of classification or shelving scheme | Damaged status | Not for loan | Vendor | Home library | Current library | Shelving location | Date acquired | Source of acquisition | Total Checkouts | Total Renewals | Full call number | Barcode | Date last seen | Date last borrowed | Cost, replacement price | Koha item type |
|---|---|---|---|---|---|---|---|---|---|---|---|---|---|---|---|---|---|---|
| Dewey Decimal Classification | Central Library | Central Library | First floor | 06/02/2015 | 12 | 11 | 320 POL | 000004489 | 15/07/2025 | 22/02/2018 | 120.00 | Book - Borrowing | ||||||
| Dewey Decimal Classification | Central Library | Central Library | First floor | 06/02/2015 | 11 | 4 | 320 POL | 000004488 | 15/07/2025 | 28/02/2018 | 120.00 | Book - Borrowing | ||||||
| Dewey Decimal Classification | Central Library | Central Library | First floor | 06/02/2015 | 9 | 6 | 320 POL | 000004487 | 15/07/2025 | 02/04/2017 | 120.00 | Book - Borrowing | ||||||
| Central Library | Central Library | First floor | 06/02/2015 | Purchase | 320 POL | 000004486 | 15/07/2025 | 120.00 | NB - Book (Non borrowing) |